Bioceramics and Alternative Bearings in Joint Arthroplasty : Proceedings

Guardado en:
Detalles Bibliográficos
Autor Corporativo: BIOLOX Symposium Rome
Formato: Procedimiento de la Conferencia Libro
Lenguaje:inglés
Publicado: Darmstadt : Steinkopff Verlag, 2006
Colección:Ceramics in Orthopaedics
Materias:
Etiquetas: Agregar Etiqueta
Sin Etiquetas, Sea el primero en etiquetar este registro!

MARC

LEADER 00000nam a22000003a 4500
001 stu125347
005 20150408182301.1
008 060904s2006----gw------------------eng-d
020 |a 3-7985-1634-0 
040 |a STU  |b slo 
041 0 |a eng 
044 |a gw 
080 |a 666.3/.7 
080 |a 61  |7 stu_us_auth*stu6976 
080 |a (063) 
111 2 |a BIOLOX Symposium  |n (11th :  |d June 30-July 1, 2006 :  |c Rome) 
245 |a Bioceramics and Alternative Bearings in Joint Arthroplasty :  |b Proceedings 
260 |a Darmstadt :  |b Steinkopff Verlag,  |c 2006 
300 |a 321 s 
650 7 |a biokeramika  |2 stusub 
650 7 |a keramika  |2 stusub 
830 0 |a Ceramics in Orthopaedics 
996 |b 284M073923  |c M*Z-2877  |l MMKN  |s A  |a 24  |w stu125347_0001